000 00718cam a2200253 4500
008 090401t1995 xxu||||| |||| 00| 0 eng d
020 _a0116916311
035 _a(Sirsi) u56646
041 _aeng
050 _a306.13
100 _aCarey, Siobhan
245 _aPrivate renting in England 1993/94.
260 _aLondon
_bHMSO
_c1995
300 _a195p. ; 30cm.
350 _a21
520 _aReport of a survey carried out by the Social survey Division of OPCS on behalf of the Department of the Environment.
650 _aHOUSING
650 _aPRIVATE SECTOR
650 _aRENT
690 _aHOUSING
710 _aOffice of Population Censuses and Surveys
_91361
942 _n0
948 _c04/03/1997
999 _c93818
_d93818